00441nam a2200133 a 450000100100000000500170001000800410002704000250006810000230009324500400011626001040015630000230026070000240028300002791320200930031209.0110405s1986 dr 000 0 spa d aDO-SdBNPbspacBNPHU1 aRamón Reyes Lugo10aGuía del curso de contabilidad /. aLa Romana, República Dominicana :bInstituto Dominicano de Administración de Negocios,c[1986]. a[s. p. ] ;c22 cm.1 aReyes Lugo, Ramón